00470pab a2200145 454500008004000000100001900040245007300059260000900132300001600141362000800157650003100165650004400196650002400240773006000264180718b2006 xxu||||| |||| 00| 0 eng d aRanjan, Manish aRural credit system: a case study of village Hathibinda in Jharkhand c2006 ap.2179-193. aDec aCredit - India - Jharkhand aAgricultural credit - India - Jharkhand aAgricultural credit aJharkhand Journal of Development and Management Studies